| 000 | 00650nam a2200193Ia 4500 | ||
|---|---|---|---|
| 008 | 140609s9999 xx 000 0 und d | ||
| 020 | _a9781606491591 | ||
| 050 |
_aHF 5415 _b.H678 2011 |
||
| 100 | _aHo Yin Wong. | ||
| 245 |
_aBuilding a marketing plan : _ba complete guide / _cHo Yin Wong, Kylie Radel, Roshnee Ramsaran-Fowdar |
||
| 260 |
_aNew York, NY : _bBusiness Expert Press, _cc2011. |
||
| 300 |
_a221 p. : _bill. ; _c23 cm. |
||
| 440 | _a(The marketing strategy collection). | ||
| 500 | _aIncludes bibliographical references and index. | ||
| 521 | _aBSBA | ||
| 650 | _aBusiness and economics. | ||
| 942 |
_kFOR _cBK |
||
| 999 |
_c117991 _d117991 |
||